A Vitis vinifera biológiailag aktív flavonoidjainak azonosítása és antifungális tesztelése

Elmentve itt :
Bibliográfiai részletek
Szerző: Lovas Sándor
További közreműködők: Sirokmán Ferenc (Témavezető)
Dokumentumtípus: Disszertáció
Megjelent: 1985
Kulcsszavak:Izotópdiagnosztika
Tárgyszavak:
Online Access:http://doktori.ek.szte.hu/6165
LEADER 00736nta a2200205 i 4500
001 dokt6165
005 20220630105740.0
008 220630s1985 hu om 0|| hun d
040 |a SZTE Doktori Repozitórium  |b hun 
041 |a hun 
100 1 |a Lovas Sándor 
245 1 2 |a A Vitis vinifera biológiailag aktív flavonoidjainak azonosítása és antifungális tesztelése  |h [elektronikus dokumentum] /  |c  Lovas Sándor 
260 |c 1985 
502 |a Disszertacio 
650 4 |a biológiai tudományok 
650 4 |a Természettudományok 
650 4 |a Biológiai tudományok 
695 |a Izotópdiagnosztika 
700 1 |a Sirokmán Ferenc  |e ths 
856 4 0 |u https://doktori.bibl.u-szeged.hu/id/eprint/6165/1/1985_lovas_sandor.pdf  |z Dokumentum-elérés